[Event "Parana-ch"]
[Site "Curitiba"]
[Date "2013.01.26"]
[Round "8"]
[White "Ribeiro Utiyama, Marcel Heimar"]
[Black "Da Silva, Lucas Henrique Lins"]
[Result "1-0"]
[WhiteElo "2145"]
[BlackElo "2050"]
[PlyCount "65"]
[EventDate "2013.01.22"]
[EventType "swiss"]
[EventRounds "9"]
[EventCountry "BRA"]
[SourceTitle "CBM 152 Extra"]
[Source "ChessBase"]
[SourceDate "2013.02.25"]
[SourceVersion "1"]
[SourceVersionDate "2013.02.25"]
[SourceQuality "1"]

1. e4 c5 2. Nf3 e6 3. d4 cxd4 4. Nxd4 Nf6 5. Nc3 Nc6 6. a3 Qc7 7. Be2 a6 8. 0-0 Nxd4 9. Qxd4 Bc5 10. Qd3 0-0 11. Bg5 Qe5 12. Bh4 Qd4 13. Qf3 Be7 14. Rad1 Qc5 15. b4 Qc7 16. e5 Qxe5 17. Bg3 Qg5 18. Na4 Bd8 19. Bd6 Re8 20. Nc5 e5 21. Bc4 Be7 22. Qb3 Qh5 23. Rfe1 Bxd6 24. Rxd6 Re7 25. h3 Ne8 26. Be2 Qg5 27. Ne4 Qf5 28. Qd5 Nxd6 29. Nxd6 Qf6 30. Bc4 Qe6 31. Qc5 b6 32. Qc7 Qf6 33. Qd8+ 1-0

[Event "Parana-ch"]
[Site "Curitiba"]
[Date "2013.01.25"]
[Round "7"]
[White "Tratz, Leonardo Schmaedeck"]
[Black "Ribeiro Utiyama, Marcel Heimar"]
[Result "0-1"]
[WhiteElo "2048"]
[BlackElo "2145"]
[PlyCount "78"]
[EventDate "2013.01.22"]
[EventType "swiss"]
[EventRounds "9"]
[EventCountry "BRA"]
[SourceTitle "CBM 152 Extra"]
[Source "ChessBase"]
[SourceDate "2013.02.25"]
[SourceVersion "1"]
[SourceVersionDate "2013.02.25"]
[SourceQuality "1"]

1. e4 c5 2. c3 Nf6 3. e5 Nd5 4. d4 cxd4 5. cxd4 e6 6. Nf3 d6 7. Nc3 Nxc3 8. bxc3 Qc7 9. Bb5+ Bd7 10. Qd3 Bxb5 11. Qxb5+ Nd7 12. 0-0 Be7 13. Bf4 d5 14. Rab1 b6 15. Rbc1 a6 16. Qd3 b5 17. Bg5 Nb6 18. Bxe7 Qxe7 19. Nd2 Rc8 20. f4 g6 21. g4 Qh4 22. h3 0-0 23. f5 Kh8 24. Kh2 Qh6 25. Rf2 Na4 26. c4 Nb2 27. Qa3 Nxc4 28. Nxc4 dxc4 29. Rcf1 exf5 30. gxf5 c3 31. fxg6 hxg6 32. d5 c2 33. Qc1 Qh5 34. Re1 Rc3 35. Re3 Qd1 36. Rxc3 Qxc1 37. Rcxc2 Qe3 38. e6 Qe5+ 39. Kg1 Qxd5 0-1

[Event "Parana-ch"]
[Site "Curitiba"]
[Date "2013.01.24"]
[Round "5"]
[White "Ribeiro Utiyama, Marcel Heimar"]
[Black "Egoroff, Jomar"]
[Result "1-0"]
[WhiteElo "2145"]
[BlackElo "2311"]
[PlyCount "42"]
[EventDate "2013.01.22"]
[EventType "swiss"]
[EventRounds "9"]
[EventCountry "BRA"]
[SourceTitle "CBM 152 Extra"]
[Source "ChessBase"]
[SourceDate "2013.02.25"]
[SourceVersion "1"]
[SourceVersionDate "2013.02.25"]
[SourceQuality "1"]

1. e4 c5 2. Nf3 d6 3. d4 cxd4 4. Nxd4 Nf6 5. Nc3 a6 6. Bg5 Nbd7 7. f4 e6 8. Qf3 Be7 9. 0-0-0 Qc7 10. g4 b5 11. Bxf6 Nxf6 12. g5 Nd7 13. f5 Nc5 14. f6 gxf6 15. gxf6 Bf8 16. Rg1 h5 17. Rg7 b4 18. Nd5 exd5 19. exd5 Bg4 20. Re1+ Kd8 21. Qe3 Kc8 1-0

[Event "Parana-ch"]
[Site "Curitiba"]
[Date "2013.01.22"]
[Round "1"]
[White "Ribeiro Utiyama, Marcel Heimar"]
[Black "Santos, Rogerio de Souza"]
[Result "1-0"]
[WhiteElo "2145"]
[BlackElo "1815"]
[PlyCount "67"]
[EventDate "2013.01.22"]
[EventType "swiss"]
[EventRounds "9"]
[EventCountry "BRA"]
[SourceTitle "CBM 152 Extra"]
[Source "ChessBase"]
[SourceDate "2013.02.25"]
[SourceVersion "1"]
[SourceVersionDate "2013.02.25"]
[SourceQuality "1"]

1. e4 e5 2. Nf3 Nf6 3. Nxe5 d6 4. Nf3 Nxe4 5. Qe2 Qe7 6. d3 Nf6 7. Bg5 Qxe2+ 8. Bxe2 Be7 9. h3 Nc6 10. Nc3 a6 11. 0-0-0 Be6 12. Rhe1 d5 13. d4 0-0-0 14. a3 h6 15. Bd2 Ne4 16. Rf1 Rhe8 17. Bd3 Nxc3 18. Bxc3 Bf6 19. b4 Bd7 20. Kb2 Na7 21. Rfe1 g6 22. Ne5 Be6 23. a4 Bxe5 24. dxe5 Bd7 25. Ka3 b5 26. f4 Kb7 27. a5 c5 28. bxc5 Rc8 29. Bb4 Nc6 30. Be4 dxe4 31. Rxd7+ Rc7 32. Rd6 Rd8 33. Rxe4 Rcd7 34. g4 1-0